Nicole Kidman Movies - Statistics

General Stats
  • This quiz has been taken 221 times
  • The average score is 7 of 14
Answer Stats
Description Answer % Correct
Manhattan doctor embarks on a bizarre masked party after his wife admitted to unfulfilled longing Eyes Wide Shut
90%
Bohemian poet starts a passionate love affair with a cabaret actress Moulin Rouge!
83%
Group of misfit penguins team up to help a tap-dancing outcast prove that being different is a good thing Happy Feet
67%
Author Virginia Woolf writes a book that affects women in two different generations The Hours
67%
Englishwoman and drover save a vast cattle station from financial ruin in the remote Australian Outback during WWII Australia
64%
Woman and her children must confront a mysterious supernatural force in their isolated house The Others
61%
Hot-shot stock car driver must battle his inner demons while competing in the world of professional NASCAR racing Days of Thunder
54%
Dynamic duo must defeat the puzzling Edward Nygma Batman Forever
53%
Confederate deserter returns to the hills of North Carolina but must face evil Home Guards Cold Mountain
49%
Hapless actor is the victim of a witch's love spells Bewitched
46%
Witch sisters carry a hilarious curse that kills their male suitors Practical Magic
40%
Aspiring TV presenter will stop at nothing to get what she wants, even if it means killing her husband and anyone else standing in her way To Die For
29%
Young boy claims to be a woman's dead husband reborn Birth
24%
Woman arrives in a small town and is taken in by its inhabitants, but eventually finds out that her presence has a devastating effect on all of their lives Dogville
22%
No matching quizzes found
Score Distribution
Percent of People with Each Score
Percentile by Number Answered
Your Score History
You have not taken this quiz